Victoria II Countries of Asia 1836 - Statistics

General Stats
  • This quiz has been taken 48 times
  • The average score is 21 of 55
Answer Stats
Answer % Correct
The Chinese Empire
100%
Japan
98%
Persia
83%
Siam
83%
Dai Nam
79%
Oman
79%
Afghanistan
74%
Burma
74%
Korea
74%
Mongolia
74%
Yemen
71%
Cambodia
69%
Tibet
69%
Bhutan
62%
Nepal
62%
Luang Prabang
60%
The Ottoman Empire
57%
Nejd
52%
Atjeh
50%
Bukkhara
50%
Hyderabad
50%
Brunei
48%
Khiva
43%
Sikkim
38%
Manchuria
36%
Mysore
36%
Kokand
33%
Yunnan
33%
Guangxi
29%
Sindh
29%
Xinjiang
29%
Abu Dhabi
26%
Jaipur
24%
Johore
24%
Hedjaz
19%
Kalat
19%
Qinghai
19%
Bali
17%
Bhopal
17%
Jodhpur
14%
Orissa
14%
Makran
12%
Panjab
12%
Travancore
12%
Nagpur
7%
Awadh
5%
Bikaner
5%
Indore
5%
Jaisalmer
5%
Kutch
5%
Bastar
2%
Gwalior
2%
Beroda
0%
Bundelkhand
0%
Mewar
0%
No matching quizzes found
Score Distribution
Percent of People with Each Score
Percentile by Number Answered
Your Score History
You have not taken this quiz